=LDR 00000nam 2200000 4500 =001 000640 =005 20250711055543 =035 ##$$a 0010-0725000508 =007 ta =008 250711################a##########0#ind## =020 ##$$a 978-602-1101-46-9 =100 #$$a Amalia, Rezcy =245 1#$$a Ke Hutan Lindung /$c Rezcy Amalia =250 ##$$a Cetakan Pertama =260 ##$$a Bandung Barat :$b Yayasan Litara,$c 2020 =300 ##$$a 14 hlm. : $b Ilus. ; $c 29,7 cm =856 ##$$a TBM As-Suhada =082 ##$$a 398. 209 598 =084 ##$$a 398. 209 598 AMA k =990 ##$$a TBM202400408